000 00483nam a2200169 i 4500
001 147471
003 ES-MaACL
005 20230906202022.0
007 t|
008 071001s1973 sp ||||1| spa d
100 1 _aUnekis, Richard.
_9112004
245 1 0 _aPersecución /
_cRichard Unekis ; [traducción de Josep Rovira].
260 _aBarcelona :
_bPenínsula,
_c1973.
300 _a189 p. ;
_c19 cm.
700 1 _aRovira, Josep.
_9100131
852 _aES-MaACL
_jC-54133
_bR.87000
999 _c147471
_d147471